Представление документа в формате MARC21

Поле Инд. ПП Название Значение
Тип записи a
Библиографический уровень m
001 Контрольный номер RU/LIBMSTU/231935162
005 Дата корректировки 20200428145658.2
020 00 a ISBN 5-98119-212-7
c Цена, тираж 46-20
084 a Индекс другой классификации/Индекс ББК 63.3(2)-3
090 00 a Полочн. индекс 63.3(2)
x Авторский знак Ц 32
100 10 a Автор Цейтлин Р. С.
245 00 a Заглавие История государственного управления и муниципального самоуправления в России
b Продолж. заглавия учеб. пособие
c Ответственность М-во образования Рос. Федерации, Казан. гос. технол. ун-т
250 00 a Основные сведения об издании 2-е изд.
260 00 a Место издания Москва
b Издательство Омега-Л
c Дата издания 2004
300 00 a Объем 120 с.
440 00 a Серия Humanitas. Учебник для высшей школы
650 _4 a Основная рубрика Государственное управление в России-История-Учебные издания для высших учебных заведений
650 14 a Основная рубрика Местное самоуправление в России-История-Учебные издания для высших учебных заведений
653 00 a Ключевые слова Государственность
a Ключевые слова Самоуправление муниципальное
a Ключевые слова Государственное управление
700 10 a Другие авторы Сергеев С. А.
952 c Вид литературы учебное пособие
990 00 f Даты поступлений (DOS) 10.04